[Event "SCCA Championship 2007-8"]
[Site "?"]
[Date "2007.??.??"]
[Round "?"]
[White "Mackintosh, Iain"]
[Black "Montgomery, Robert S"]
[Result "1/2-1/2"]
[WhiteElo "2450"]
[BlackElo "2229"]
[PlyCount "115"]
[EventDate "2007.??.??"]

1. e4 d5 2. exd5 Qxd5 3. Nf3 g6 4. d4 Bg7 5. Be2 Nc6 6. Nc3 Qa5 7. d5 Nb4 8.
Bd2 Bd7 9. Bc4 Qc5 10. Bb3 Nf6 11. Be3 Qd6 12. O-O O-O 13. Re1 e6 14. dxe6 Bxe6
15. Qxd6 cxd6 16. Rad1 Bxb3 17. cxb3 Nc2 18. Re2 Nxe3 19. Rxe3 Rfd8 20. Red3
Rac8 21. Nd2 d5 22. Nc4 Kf8 23. g3 h5 24. Kg2 a6 25. R1d2 Rc6 26. a4 b5 27.
axb5 axb5 28. Ne3 Bh6 29. f4 Bg7 30. Nxb5 Rb8 31. Nd4 Rd6 32. Re2 Ne4 33. Rc2
Bxd4 34. Rxd4 Nf6 35. Rd3 Kg7 36. Rf2 Ng4 37. Nxg4 hxg4 38. Rc2 f5 39. Kf1 Rb5
40. Ke2 g5 41. fxg5 Kg6 42. Kd1 Kxg5 43. Rcd2 Kf6 44. Kc2 Rc6+ 45. Kb1 Ke5 46.
Re3+ Kf6 47. Re8 Rd6 48. Rf8+ Kg6 49. Rg8+ Kf7 50. Rc8 Re6 51. Rf2 Re5 52. Kc2
Ke7 53. Ra8 Kf7 54. Ra6 Ke7 55. Rc6 Kd7 56. Rf6 d4 57. Rd2 Rec5+ 58. Kb1
1/2-1/2

[Event "SCCA Championship 2007-8"]
[Site "?"]
[Date "2007.??.??"]
[Round "?"]
[White "Montgomery, Robert S"]
[Black "Reeman, Ian F"]
[Result "0-1"]
[WhiteElo "2229"]
[BlackElo "2271"]
[PlyCount "80"]
[EventDate "2007.??.??"]

1. Nf3 Nf6 2. c4 e6 3. Nc3 d5 4. d4 Bb4 5. cxd5 exd5 6. Bg5 h6 7. Bh4 g5 8. Bg3
Ne4 9. Nd2 Nxg3 10. hxg3 c6 11. Qc2 Be6 12. e3 Nd7 13. Bd3 Qe7 14. a3 Bd6 15.
O-O-O Bc7 16. Kb1 O-O-O 17. Rc1 Kb8 18. Nb3 h5 19. Na4 h4 20. gxh4 gxh4 21.
Nbc5 Nxc5 22. Nxc5 Bc8 23. Ka1 Rdg8 24. Bf1 Bd6 25. Ka2 Ka8 26. Qd2 Qf6 27. Qc2
Rh6 28. Qd2 Rhg6 29. a4 a6 30. Nd3 Ka7 31. a5 Rxg2 32. Bxg2 Rxg2 33. Rcg1 Rxg1
34. Rxg1 h3 35. Rg8 h2 36. Qd1 Qh4 37. Rxc8 Qh3 38. Rxc6 bxc6 39. Qb3 Qc8 40.
Qd1 Qh8 0-1

[Event "SCCA Championship 2007-8"]
[Site "?"]
[Date "2007.??.??"]
[Round "?"]
[White "Brown, Alan C"]
[Black "Beecham, C Richard"]
[Result "0-1"]
[WhiteElo "2370"]
[BlackElo "2495"]
[PlyCount "98"]
[EventDate "2007.??.??"]

1. e4 e6 2. d4 d5 3. Nd2 Nf6 4. e5 Nfd7 5. Bd3 c5 6. c3 Nc6 7. Ne2 cxd4 8. cxd4
f6 9. exf6 Nxf6 10. Nf3 Bd6 11. O-O Qc7 12. h3 O-O 13. Be3 Bd7 14. Rc1 Rac8 15.
a3 Be8 16. b4 a6 17. Ng5 Qd7 18. Qc2 Ne7 19. Qb1 Bg6 20. Nf4 Bxf4 21. Bxf4 Bxd3
22. Qxd3 h6 23. Rxc8 Rxc8 24. Nf3 Ne4 25. Ne5 Qb5 26. Qf3 Nf5 27. Rc1 Rxc1+ 28.
Bxc1 Ned6 29. Qg4 Qe8 30. Bb2 Qc8 31. Qe2 Nc4 32. a4 Nxe5 33. Qxe5 Kf7 34. g4
Ne7 35. Qf4+ Kg8 36. Qe3 Ng6 37. Bc3 Kf7 38. a5 Qc4 39. Qf3+ Ke7 40. Qe3 Nh4
41. f4 Qa2 42. Qf2 Qb1+ 43. Kh2 Kf7 44. Qe3 Qe4 45. Qxe4 dxe4 46. Kg3 Ng6 47.
Bd2 Ne7 48. h4 Nd5 49. h5 g6 0-1

[Event "SCCA Championship 2007-8"]
[Site "?"]
[Date "2007.??.??"]
[Round "?"]
[White "Beecham, C Richard"]
[Black "May, Mark Alan"]
[Result "1/2-1/2"]
[WhiteElo "2495"]
[BlackElo "2239"]
[PlyCount "116"]
[EventDate "2007.??.??"]

1. d4 e6 2. e4 d5 3. Nc3 Nf6 4. Bg5 Be7 5. e5 Nfd7 6. h4 c5 7. Bxe7 Kxe7 8. f4
Nc6 9. dxc5 Nxc5 10. Qg4 Kf8 11. O-O-O a6 12. Kb1 b5 13. Nh3 b4 14. Ne2 a5 15.
Ng3 h6 16. Bd3 Nxd3 17. Rxd3 Ba6 18. Rd2 a4 19. Nh5 Rg8 20. f5 Nxe5 21. Qxb4+
Qe7 22. Qc3 Nc4 23. Rd4 Rb8 24. Kc1 Nxb2 25. fxe6 Nc4 26. Re1 Na3 27. N5f4 Rb1+
28. Kd2 Rxe1 29. Kxe1 g5 30. Rxa4 Nb5 31. Qb2 gxf4 32. Rxa6 Nc7 33. Rb6 f3 34.
g3 Qc5 35. Rb3 Qd6 36. Nf4 Rxg3 37. Qh8+ Ke7 38. Qd4 fxe6 39. Rb6 Qa3 40. Kf2
Rg8 41. Rc6 Qa5 42. a4 Kd7 43. Rc3 Qa6 44. Qf6 Kd6 45. Nd3 Qb6+ 46. Kxf3 Ne8
47. Qf4+ Ke7 48. Nb4 Rg7 49. Nc6+ Kd7 50. Ne5+ Ke7 51. Rb3 Qa6 52. c4 dxc4 53.
Qxc4 Qxc4 54. Nxc4 Rf7+ 55. Ke4 Rf5 56. Rb7+ Kd8 57. a5 Nc7 58. Rb8+ Kd7
1/2-1/2

[Event "SCCA Championship 2007-8"]
[Site "?"]
[Date "2007.??.??"]
[Round "?"]
[White "May, Mark Alan"]
[Black "Dawson, Alastair G"]
[Result "0-1"]
[WhiteElo "2239"]
[BlackElo "2230"]
[PlyCount "130"]
[EventDate "2007.??.??"]

1. c4 Nf6 2. Nc3 e5 3. g3 c6 4. Nf3 e4 5. Nd4 Qb6 6. Nb3 a5 7. a4 d5 8. cxd5
Ng4 9. d4 exd3 10. e3 Ne5 11. h3 Bb4 12. f4 Ned7 13. Qxd3 O-O 14. Bg2 Nf6 15.
dxc6 bxc6 16. Qc2 Be6 17. Nd4 Bc4 18. Kf2 Nbd7 19. Nce2 Bxe2 20. Qxe2 Rac8 21.
Rd1 Rfe8 22. Kg1 Nc5 23. Qc2 Nce4 24. g4 h6 25. Nf5 Bf8 26. b3 g6 27. Nd4 Bb4
28. Bb2 Nd5 29. Bxe4 Nxe3 30. Qd3 Nxd1 31. Rxd1 c5 32. Bxg6 Qxg6 33. Nf5 Qb6
34. Qb5 Qe6 35. Be5 Red8 36. Rd6 Rxd6 37. Nxd6 Rf8 38. Qc4 Qxc4 39. Nxc4 Rd8
40. Bd6 Kg7 41. Kf2 h5 42. g5 Kg6 43. Kf3 f5 44. Ke3 h4 45. Kd3 Re8 46. Be5 Re6
47. Ne3 Be1 48. Kc4 Bf2 49. Nd5 Kf7 50. Nc7 Re7 51. Nb5 Rd7 52. Nd6+ Ke6 53. g6
Bd4 54. g7 Rd8 55. Nb7 Rc8 56. Bc7 Rg8 57. Bd8 Bf2 58. Bg5 Rxg7 59. Nxc5+ Bxc5
60. Kxc5 Rb7 61. Kc4 Rb4+ 62. Kc3 Kd5 63. Kc2 Kc6 64. Kc3 Re4 65. Bxh4 Rxf4 0-1

[Event "SCCA Championship 2007-8"]
[Site "?"]
[Date "2007.??.??"]
[Round "?"]
[White "Dawson, Alastair G"]
[Black "Montgomery, Robert S"]
[Result "1/2-1/2"]
[WhiteElo "2230"]
[BlackElo "2229"]
[PlyCount "88"]
[EventDate "2007.??.??"]

1. e4 d5 2. exd5 Qxd5 3. Nc3 Qd6 4. d4 Nf6 5. Bd3 a6 6. Nge2 e6 7. O-O Nbd7 8.
Bf4 Qb6 9. Na4 Qa5 10. c4 Bd6 11. c5 Bxf4 12. Nxf4 b6 13. Rc1 bxc5 14. Nxc5 O-O
15. Nb3 Qb6 16. Qc2 Ra7 17. Rfd1 a5 18. Be2 Ba6 19. Nd3 Bxd3 20. Rxd3 Rb8 21.
Rb1 Nd5 22. Nc5 Nb4 23. Qc4 Qc6 24. Rg3 Nxc5 25. dxc5 Qd5 26. Qc3 g6 27. a3 Qf5
28. Bd3 Nxd3 29. Rxd3 a4 30. Rbd1 e5 31. Rd5 Rab7 32. Rxe5 Qf6 33. Re8+ Kg7 34.
Qxf6+ Kxf6 35. Re4 Rxb2 36. Rxa4 Rc2 37. Rf4+ Ke7 38. g4 Rxc5 39. Re4+ Kf8 40.
Kg2 h5 41. h3 Re8 42. Red4 hxg4 43. hxg4 Rc3 44. R1d3 Rc1 1/2-1/2

[Event "SCCA Championship 2007-8"]
[Site "?"]
[Date "2007.??.??"]
[Round "?"]
[White "Goodwin, Brian J"]
[Black "Montgomery, Robert S"]
[Result "0-1"]
[WhiteElo "2181"]
[BlackElo "2229"]
[PlyCount "66"]
[EventDate "2007.??.??"]

1. e4 d5 2. exd5 Qxd5 3. Nc3 Qd6 4. d4 Nf6 5. Nf3 a6 6. Be2 e6 7. O-O Be7 8.
Ne5 Nc6 9. Nxc6 Qxc6 10. Bf3 Qd6 11. g3 O-O 12. Bf4 Qd8 13. Qd2 Nd5 14. Rfe1
Bb4 15. a3 Bxc3 16. bxc3 b5 17. a4 Bb7 18. Reb1 Bc6 19. axb5 axb5 20. Rxa8 Qxa8
21. Bxd5 Bxd5 22. Bxc7 Qc6 23. Ba5 Ra8 24. Bb4 Ra2 25. Rc1 Bh1 26. f4 Be4 27.
Bc5 Qd5 28. Qe2 h5 29. Bb4 h4 30. gxh4 Qf5 31. Qf2 Bxc2 32. Re1 Bb3 33. Qg3 Bd5
0-1

[Event "SCCA Championship 2007-8"]
[Site "?"]
[Date "2007.??.??"]
[Round "?"]
[White "Montgomery, Robert S"]
[Black "May, Mark Alan"]
[Result "1-0"]
[WhiteElo "2229"]
[BlackElo "2239"]
[PlyCount "101"]
[EventDate "2007.??.??"]

1. Nf3 e6 2. c4 Nf6 3. Nc3 b6 4. g3 Bb7 5. Bg2 c5 6. O-O Be7 7. Re1 d6 8. e4
Nbd7 9. d4 cxd4 10. Nxd4 Qc7 11. Be3 Rc8 12. f4 Qb8 13. Qe2 O-O 14. Rad1 a6 15.
g4 Nc5 16. Bf2 Rfe8 17. g5 Nfd7 18. b4 e5 19. bxc5 exd4 20. c6 Bxc6 21. Bxd4 b5
22. Bh3 Bd8 23. Nd5 Nc5 24. Qg2 Ne6 25. Nf6+ Bxf6 26. gxf6 g6 27. Qf2 Rc7 28.
c5 Nxc5 29. e5 Ne6 30. Bxe6 fxe6 31. f5 Ba8 32. Qg3 Qb7 33. Rd2 Rf7 34. fxg6
hxg6 35. Qxg6+ Kh8 36. Qh5+ Kg8 37. Re3 Qh1+ 38. Kf2 Qg2+ 39. Ke1 Qg1+ 40. Ke2
Qg2+ 41. Kd3 Qf1+ 42. Kc2 Rc8+ 43. Bc3 Qf5+ 44. Qxf5 exf5 45. e6 Rxf6 46. e7
Be4+ 47. Rxe4 fxe4 48. e8=Q+ Rxe8 49. Bxf6 e3 50. Re2 d5 51. Bg5 1-0